00989cam a22003135i 4500999001700000001001000017003000300027005001700030008004100047015001900088016001800107020001600125020001500141040002600156082002100182100001800203245003800221264004600259300002800305336002100333337002500354338002300379500002000402504002700422650004900449653001700498942001200515952014800527 c27153d27125013097762Uk20190214112313.0050131s2005 enk frb 001 0 eng d aGBA5278702bnb7 a0130977622Uk a1856045196  a1555705448 aUkbengcUkdEG-ScBUE04a025.431222bBOW1 aBowman, J. H.10aEssential Dewey /cJ. H. Bowman.. 1aLondon :bFacet Publishing / CILIPc2005. avi, 150 pages ;c24 cm. atext2rdacontent aunmediated2rdamedia avolume2rdacarrier aIncludes index. aBibliography : p. 145. 7aClassification, Dewey decimal.2BUEsh942020 cFebruary2019 2ddccBB 00102ddc40708AcademicaMAINbMAINcLOWd2019-02-14ePurchaseg300.00h80343l0o025.431 BOWp000044256r2025-07-15 00:00:00w2019-02-14yBB